000 00286nam a2200121Ia 4500
003 OSt
008 201103b ||||| |||| 00| 0 eng d
100 _a BATHE,Klaus Jurgen.
245 _aFinite Element Procedures
260 _a N. Delhi
_bPHI
_c1996
300 _a1037
942 _2ddc
_cBK
999 _c5091
_d5091